Catálogo

Cuerpo humano (Registro nro. 26487)

Detalles MARC
000 -LEADER
fixed length control field 02134cam a2200481 i 4500
001 - CONTROL NUMBER
control field 26487
003 - CONTROL NUMBER IDENTIFIER
control field Mx-PuUPA
005 - DATE AND TIME OF LATEST TRANSACTION
control field 20250701105921.0
008 - FIXED-LENGTH DATA ELEMENTS--GENERAL INFORMATION
fixed length control field 140415s2007 mx ao gr 000 0 spa d
020 ## - INTERNATIONAL STANDARD BOOK NUMBER
International Standard Book Number 9780241241165
Qualifying information pasta dura
040 ## - CATALOGING SOURCE
Transcribing agency Mx-PuUPA
Original cataloging agency Mx-PuUPA
Language of cataloging spa
Modifying agency Mx-PuUPA
Description conventions rda
041 1# - LANGUAGE CODE
Language code of text/sound track or separate title spa
Language code of original eng
100 1# - MAIN ENTRY--PERSONAL NAME
Personal name Parker, Steve,
Dates associated with a name 1952-
Relator term autor
9 (RLIN) 17210
240 14 - UNIFORM TITLE
Uniform title The human body.
Language of a work Español
245 10 - TITLE STATEMENT
Title Cuerpo humano
Statement of responsibility, etc. Steve Parker ; colaboradores, Mary Allen, Andrea Bagg, Katie John [y otros cuatro] ; presentado por Robert Winston ; traducción, Ana Ferran y Manel Pijoan-Rotge
250 ## - EDITION STATEMENT
Edition statement Segunda edición /
Remainder of edition statement actualizada y ampliada
264 #2 - PRODUCTION, PUBLICATION, DISTRIBUTION, MANUFACTURE, AND COPYRIGHT NOTICE
Place of production, publication, distribution, manufacture México, D.F. :
Name of producer, publisher, distributor, manufacturer Comercializadora ORC,
Date of production, publication, distribution, manufacture, or copyright notice 2007
300 ## - PHYSICAL DESCRIPTION
Extent 288 páginas :
Other physical details ilustraciones, fotografías ;
Dimensions 32 cm +
Accompanying material 1 video disco (4 3/4 pulg.)
336 ## - CONTENT TYPE
Fuente rdacontent
Content type term texto
Content type code txt
337 ## - MEDIA TYPE
Source rdamedia
Media type term sin medio
Media type code n
337 ## - MEDIA TYPE
Source rdamedia
Media type term computadora
Media type code c
338 ## - CARRIER TYPE
Source rdacarrier
Carrier type term volumen
Carrier type code nc
338 ## - CARRIER TYPE
Source rdacarrier
Carrier type term disco compacto
Carrier type code dvd
500 ## - GENERAL NOTE
General note "Una guía ilustrada de sus estructuras, funciones y trastornos". -- Cubierta.
501 ## - WITH NOTE
With note con:1 DVD ROM
538 ## - SYSTEM DETAILS NOTE
Display text PC windows XP con service pack 2, Windows vista o Windosws 7; procesador Intel o AMD; tarjeta de sonido; color de 24 bots: respñico+pmd e ña ámtañña de 1024 x 768.
650 #7 - SUBJECT ADDED ENTRY--TOPICAL TERM
Source of heading or term armarc
Topical term or geographic name entry element Anatomía humana
650 #7 - SUBJECT ADDED ENTRY--TOPICAL TERM
Source of heading or term armarc
Topical term or geographic name entry element Curpo humano
Form subdivision Enciclopedia
650 #7 - SUBJECT ADDED ENTRY--TOPICAL TERM
Source of heading or term armarc
Topical term or geographic name entry element Cuerpo humano
General subdivision Literatura juvenil
650 #7 - SUBJECT ADDED ENTRY--TOPICAL TERM
Source of heading or term armarc
Topical term or geographic name entry element Fisiología humana
General subdivision Literatura juvenil
650 #7 - SUBJECT ADDED ENTRY--TOPICAL TERM
Source of heading or term armarc
Topical term or geographic name entry element Preguntas y respuestas
700 1# - ADDED ENTRY--PERSONAL NAME
Personal name Allen, Mary,
Relator term colaborador
700 1# - ADDED ENTRY--PERSONAL NAME
Personal name Bagg, Andrea,
Relator term colaborador
700 1# - ADDED ENTRY--PERSONAL NAME
Personal name John, katie,
Relator term colaborador
700 1# - ADDED ENTRY--PERSONAL NAME
Personal name Winston, Robert,
Relator term presentador
700 1# - ADDED ENTRY--PERSONAL NAME
Personal name Ferran, Anna,
Relator term traductor
700 1# - ADDED ENTRY--PERSONAL NAME
Personal name Pijoan-Rotge, Manel,
Relator term traductor
765 0# - ORIGINAL LANGUAGE ENTRY
Main entry heading Parker, Steve,
Place, publisher, and date of publication Gran Bretaña :Dorling Kindersley Limited, 2007
Title The human body.
942 ## - ADDED ENTRY ELEMENTS (KOHA)
Source of classification or shelving scheme Dewey Decimal Classification
Koha item type Libro
Classification part 808.803561
Item part P2218
Existencias
Withdrawn status Lost status Source of classification or shelving scheme Damaged status Not for loan Collection code Home library Current library Shelving location Date acquired Source of acquisition Total Checkouts Full call number Barcode Date last seen Price effective from Koha item type
    Dewey Decimal Classification     Referencia Biblioteca Karol Wojtyla Biblioteca Karol Wojtyla Área de silencio 03/12/2013 Donación   808.803561 P2218 2007 49210 05/01/2026 03/12/2013 Folio
    Dewey Decimal Classification     Audiovisual Biblioteca Karol Wojtyla Biblioteca Karol Wojtyla Módulo de circulación 01/07/2025     808.803561 P2218 2007 700662 14/08/2025 01/07/2025 DVD